| 000 | 00359nam a2200145 a 4500 | ||
|---|---|---|---|
| 001 | 1136 | ||
| 003 | CDMR | ||
| 005 | 20130320114801.0 | ||
| 008 | 130130s ||||||||||||||||||||||||||||d | ||
| 040 |
_aCDMR _bcat _cCPC LLEIDA |
||
| 110 | 1 |
_9363 _aLleida _b -- Ajuntament |
|
| 245 | 1 | 4 | _aEls costums de Lleida |
| 260 |
_aLleida _bAjuntament de Lleida |
||
| 942 |
_cMON _2udc |
||
| 999 |
_c1136 _d1136 |
||